Prénoms féminins les plus donnés en 2011 - Statistiques

Statistiques générales
  • Ce quiz a été pris 773 fois
  • Le résultat moyen est 61 sur 100
Statistiques - réponses
Réponse % Correct
1 E Emma
95%
5 L Léa
94%
46 L Lou
93%
56 J Julie
92%
8 Z Zoé
92%
3 C Chloé
91%
2 M Manon
90%
58 M Marie
87%
4 C Camille
86%
7 L Louise
86%
9 J Jade
84%
14 J Juliette
84%
10 C Clara
83%
18 I Inès
81%
34 A Anna
80%
20 J Jeanne
80%
29 L Lisa
80%
35 P Pauline
79%
22 S Sarah
79%
19 A Alice
78%
41 J Julia
78%
26 L Laura
77%
13 L Léna
77%
21 L Lucie
77%
28 E Elise
75%
12 E Eva
75%
57 L Lina
75%
6 L Lola
75%
76 O Olivia
75%
37 C Charlotte
74%
36 R Rose
73%
69 V Valentine
73%
15 C Clémence
72%
71 E Elisa
71%
68 L Lise
71%
24 R Romane
71%
33 J Justine
70%
96 V Victoire
70%
11 A Anaïs
69%
60 E Emilie
69%
31 M Mathilde
69%
52 G Gabrielle
68%
55 N Nina
68%
30 L Louna
67%
49 O Océane
67%
70 V Victoria
67%
38 A Alicia
66%
73 C Célia
65%
16 L Lilou
65%
61 M Maëlle
65%
23 M Margaux
65%
39 N Noémie
65%
40 E Eloïse
64%
27 L Lily
64%
47 L Luna
64%
17 M Maëlys
64%
32 M Margot
64%
86 H Héloïse
63%
51 L Louane
63%
53 M Marion
63%
42 A Ambre
60%
44 E Eléna
60%
87 L Lana
59%
54 N Ninon
58%
43 E Elsa
57%
77 L Léane
56%
50 A Agathe
55%
65 L Léana
53%
25 L Léonie
53%
79 C Charline
51%
59 E Emy
50%
62 M Maëva
50%
90 C Cloé
47%
64 F Faustine
47%
66 M Mélina
47%
82 C Capucine
46%
72 E Eléa
46%
95 E Elina
46%
84 M Mélissa
46%
83 M Méline
45%
94 A Amandine
41%
63 C Coline
41%
74 E Emmy
40%
85 M Morgane
40%
81 C Candice
39%
67 A Anaëlle
38%
80 C Constance
38%
78 E Eléonore
35%
98 C Cassandra
32%
88 C Cléa
32%
75 C Cassandre
31%
100 G Garance
29%
48 L Loane
29%
97 L Livia
27%
45 L Lou-Anne
27%
89 E Enola
21%
93 C Chiara
20%
91 M Maëline
20%
92 M Maëlie
17%
99 M Maude
13%
Aucun quiz correspondant
Distribution des résultats
% des personnes avec chaque résultat
Percentile par nombre de réponses
Votre historique - résultats
Vous n’avez pas pris ce quiz